00656 2200241 4500001002100000005001700021008004100038020001800079035002400097040001200121082000800133090001500141100002000156245007800176250001100254260003100265300001900296500002700315650003000342850001200372990001500384990001500399YOGYA-0209000006936920090227093220.0 eng  a979-413-818-5 0010-020900000069369 aYOPDYOG a428 a428bTal R aTALOK, Domiauus aReading comprehension exercisesbfor intermediate readerscDomiauus Talok aCet. 1 aYogyakartabKanisiusc1992 a118 hlmc21 cm aBibliografi : hlm. 118 aBahasa Inggris percakapan aYOPDYOG a95P0069267 a69267-P/95